Fluorescent peptide probes for high-throughput measurement of protein phosphatases /
Gardado en:
| Autor Principal: | |
|---|---|
| Outros autores: | , |
| Formato: | Artigo |
| Idioma: | English |
| Những chủ đề: | |
| Các nhãn: |
Engadir etiqueta
Sen Etiquetas, Sexa o primeiro en etiquetar este rexistro!
|
| Thư viện lưu trữ: | Thư viện Trường Đại học Đà Lạt |
|---|
| LEADER | 00894nam a2200301 4500 | ||
|---|---|---|---|
| 001 | DLU090096984 | ||
| 005 | ##20091201 | ||
| 040 | # | # | |a DLU |b eng |
| 041 | # | # | |a eng |
| 044 | # | # | |a us |
| 100 | # | # | |a Noble, James E. |
| 245 | # | # | |a Fluorescent peptide probes for high-throughput measurement of protein phosphatases / |c James E. Noble, Pam Ganju, Anthony E. G. Cass. |
| 653 | # | # | |a Molecular biology |
| 653 | # | # | |a Phosphatases |
| 653 | # | # | |a Probes |
| 653 | # | # | |a Protein |
| 700 | # | # | |a Cass, Anthony E. G. |
| 700 | # | # | |a Ganju, Pam. |
| 773 | # | # | |t Analytical Chemistry |g Vol. 75, no. 9 (May 2003), p. 2042-2047 |
| 920 | # | # | |a Phòng Tạp chí -- Trung tâm Thông tin - Thư viện Trường Đại học Đà Lạt |
| 994 | # | # | |a DLU |
| 900 | # | # | |a True |
| 911 | # | # | |a Trương Bảo Trâm Anh |
| 925 | # | # | |a G |
| 926 | # | # | |a A |
| 927 | # | # | |a BB |
| 980 | # | # | |a Thư viện Trường Đại học Đà Lạt |